000 00540nam a22001697a 4500
999 _c8755
_d8755
008 201214b ||||| |||| 00| 0 eng d
040 _aBMS College of Architecture
100 _aGupta, M Smruthi
245 _aCampus of life the energy and resource institute
300 _a54p.
500 _a1BM11AT068
502 _8B,Arch
_NBMS College of Architecture, Visvesvaraya Technological University (VTU)
_aProject report
_d2015
650 _aInstitute
700 _aChaitra Saraf
_eGuide
700 _aSharanya Iyer
_eGuide
942 _2ddc
_cTHE